PDC Las Vegas Desert Classic (Darts) - Statistiken

Allgemein
  • Dieses Quiz wurde 190 mal gespielt
  • Das Durchschnittsergebnis liegt bei 7 aus 8
Antwortstatistiken
Jahr Nationalität Gewinner
% Korrekt
2002 England Phil Taylor
99%
2004 England Phil Taylor
99%
2005 England Phil Taylor
99%
2008 England Phil Taylor
99%
2009 England Phil Taylor
99%
2007 Niederlande Raymond van Barneveld
97%
2006 Kanada John Part
84%
2003 England Peter Manley
53%
Keine übereinstimmenden Quizze gefunden
Verteilung der Resultate
Anzahl Personen mit jedem Resultat
Perzentil nach korrekt beantworteten Fragen
Ihre Resultats-Entwicklung
Sie haben dieses Quiz noch nicht gespielt